[Event "Outaouais op U1900"]
[Site "Gatineau"]
[Date "2015.06.07"]
[Round "5"]
[White "Fei, David"]
[Black "Danilov, Alex"]
[Result "0-1"]
[WhiteElo "1770"]
[BlackElo "1787"]
[PlyCount "106"]
[EventDate "2015.06.05"]
[EventType "swiss"]
[EventRounds "5"]
[EventCountry "CAN"]
[SourceTitle "EXT 2019"]
[Source "ChessBase"]
[SourceDate "2018.10.10"]
[SourceVersion "1"]
[SourceVersionDate "2018.10.10"]
[SourceQuality "1"]

1. e4 c5 2. Nf3 e6 3. d4 cxd4 4. Nxd4 Nc6 5. Nb5 d6 6. c4 a6 7. N5c3 b6 8. Be2 Be7 9. Be3 Nf6 10. 0-0 Qc7 11. Na3 Bb7 12. Qb3 Nd7 13. Rac1 Nc5 14. Qc2 0-0 15. f4 Nb4 16. Qd2 Bf6 17. Nab5 Bxc3 18. Nxc7 Bxd2 19. Bxd2 Nxa2 20. Nxa8 Nxc1 21. Bxc1 Rxa8 22. e5 d5 23. b4 Ne4 24. Be3 Nc3 25. Bf3 a5 26. bxa5 bxa5 27. Bd4 Ne4 28. Rb1 Bc6 29. Rb6 Rc8 30. Bxe4 dxe4 31. c5 Kf8 32. Ra6 a4 33. Ra7 Ra8 34. Rc7 Ra6 35. g4 a3 36. Kf2 a2 37. Ba1 Ke8 38. f5 Ra3 39. f6 gxf6 40. exf6 e3+ 41. Ke1 Bf3 42. c6 Rd3 43. Rc8+ Rd8 44. Rxd8+ Kxd8 45. g5 Kc7 46. h4 Kxc6 47. Kf1 Kd5 48. Kg1 Ke4 49. Kf1 Kd3 50. Ke1 Kc2 51. Bd4 Kb1 52. h5 Bxh5 53. g6 hxg6 0-1

[Event "Gatineau Outaouais op U1900"]
[Site "Gatineau"]
[Date "2014.06.??"]
[Round "3"]
[White "Mathieu, Guillaume"]
[Black "Fei, David"]
[Result "1-0"]
[WhiteElo "1747"]
[BlackElo "1899"]
[PlyCount "101"]
[EventDate "2014.06.??"]
[EventType "swiss"]
[EventRounds "5"]
[EventCountry "CAN"]
[SourceTitle "EXT 2022"]
[Source "ChessBase"]
[SourceDate "2021.10.06"]
[SourceVersion "1"]
[SourceVersionDate "2021.10.06"]
[SourceQuality "1"]

1. c4 e5 2. Nc3 Nc6 3. e4 Nf6 4. g3 Bb4 5. Bg2 d6 6. Nge2 Bg4 7. 0-0 0-0 8. a3 Bc5 9. b4 Bb6 10. Qc2 a5 11. Rb1 axb4 12. axb4 Qd7 13. d3 h6 14. Be3 Nd4 15. Bxd4 exd4 16. Nd5 Nxd5 17. exd5 Rfe8 18. Rfe1 Qa4 19. Qxa4 Rxa4 20. Bf1 Ra2 21. Ra1 Rea8 22. Rac1 Rb2 23. c5 dxc5 24. bxc5 Ba5 25. Ra1 Bxe1 26. Rxa8+ Kh7 27. d6 cxd6 28. cxd6 Bb4 29. h3 Bd7 30. Rd8 Bc6 31. Nxd4 Bc5 32. Nxc6 bxc6 33. d7 Bxf2+ 34. Kh1 Bb6 35. Rb8 Ra2 36. Rxb6 Ra8 37. Rxc6 Rd8 38. Rc7 Kg6 39. d4 Kf6 40. Bb5 Ke7 41. Rc8 f5 42. d5 Rxd7 43. Bxd7 Kxd7 44. Rc6 h5 45. h4 Ke7 46. Re6+ Kf7 47. Re1 g5 48. d6 gxh4 49. d7 hxg3 50. d8Q f4 51. Qd6 1-0